[Event "37th Reykjavik op"]
[Site "Reykjavik ISL"]
[Date "2024.03.20"]
[Round "8.5"]
[White "Cramling Bellon, Anna"]
[Black "Yazgi, Huseyin Yigit"]
[WhiteElo "2115"]
[BlackElo "1905"]
[Result "1-0"]
[EventDate "2024.03.15"]
[PlyCount "103"]

1. d4 {[%eval 17,0]} d6 {[%eval 48,0]} 2. c4 {[%eval 25,0]} Nf6 {[%eval 51,0]}
3. Nc3 {[%eval 53,0]} Nbd7 {[%eval 86,0]} 4. e4 {[%eval 94,0]} e5 {[%eval 9,0]}
5. d5 $6 {[%eval 34,0] Inaccuracy. Nf3 was best.} (5. Nf3 g6 6. Be2 Bg7 7. Be3
O-O 8. O-O exd4 9. Nxd4 c6) 5... Nc5 {[%eval 69,0]} 6. Qc2 {[%eval 71,0]} a5 {
[%eval 86,0]} 7. h3 {[%eval 35,0]} Be7 {[%eval 68,0]} 8. g3 {[%eval 45,0]} O-O
{[%eval 44,0]} 9. Be3 {[%eval 46,0]} Nfd7 {[%eval 45,0]} 10. Nf3 {[%eval 48,0]}
a4 {[%eval 89,0]} 11. Be2 {[%eval 75,0]} c6 {[%eval 76,0]} 12. O-O {[%eval 76,
0]} cxd5 {[%eval 119,0]} 13. Nxd5 $6 {[%eval 42,0] Inaccuracy. cxd5 was best.}
(13. cxd5 Nb6 14. Bxc5 dxc5 15. Nxe5 Bxh3 16. Rfe1 Bf6 17. Nf3 Nd7 18. Rad1 a3
19. b3 Ne5) 13... Nb6 {[%eval 56,0]} 14. Bxc5 {[%eval 56,0]} Nxd5 {[%eval 4,0]}
15. cxd5 {[%eval 79,0]} dxc5 {[%eval 71,0]} 16. Nxe5 {[%eval 78,0]} Bxh3 {
[%eval 83,0]} 17. Rfd1 $6 {[%eval 1,0] Inaccuracy. Rfe1 was best.} (17. Rfe1)
17... Bf6 {[%eval 8,0]} 18. Nd3 {[%eval 37,0]} Bd4 {[%eval 42,0]} 19. Nxc5 {
[%eval 42,0]} Qf6 {[%eval 32,0]} 20. Nd3 $6 {[%eval -65,0] Inaccuracy. Rxd4
was best.} (20. Rxd4 Qxd4) 20... a3 {[%eval -75,0]} 21. Rab1 {[%eval -52,0]}
Rfc8 $2 {[%eval 21,0] Mistake. axb2 was best.} (21... axb2) 22. Qd2 {[%eval 25,
0]} axb2 {[%eval 46,0]} 23. Qf4 $4 {[%eval -113,0] Blunder. Nf4 was best.} (23.
Nf4) 23... Rc2 $6 {[%eval -184,0] Inaccuracy. Rxa2 was best.} (23... Rxa2 24.
Qxf6 gxf6 25. g4 h5 26. Kh2 hxg4 27. Kg3 Ra3 28. Bxg4 Rcc3 29. Kxh3 Rxd3+ 30.
Kg2) 24. Qxf6 {[%eval -194,0]} Bxf6 {[%eval -188,0]} 25. e5 $6 {[%eval -114,0]
Inaccuracy. Bf3 was best.} (25. Bf3 Bc3 26. e5 Bf5 27. d6 g6 28. Kg2 Bd4 29.
Bd5 Bxd3 30. Rxd3 Rxf2+ 31. Kh3 Bxe5) 25... Bxe5 {[%eval -114,0]} 26. Nxe5 {
[%eval -136,0]} Rxe2 {[%eval -139,0]} 27. Nc4 {[%eval -195,0]} Rxa2 {[%eval
-159,0]} (27... Ra5 28. a4 Rxa4 29. d6 Ra2) 28. d6 {[%eval -172,0]} Re8 $2 {
[%eval 6,0] Mistake. Kf8 was best.} (28... Kf8 29. d7 Bxd7 30. Rxd7 Rc2 31. Kg2
Rxc4 32. Rxb7 Rc2 33. g4 g6 34. Rb3 Ke7 35. Kg3) 29. Rxb2 {[%eval 58,0]} Rxb2 {
[%eval 72,0]} 30. Nxb2 {[%eval 59,0]} b5 {[%eval 29,0]} 31. Rd5 {[%eval 64,0]}
Bd7 $6 {[%eval 9,0] Inaccuracy. Re1+ was best.} (31... Re1+ 32. Kh2) 32. Nd3 {
[%eval 12,0]} f6 {[%eval 7,0]} 33. Nc5 {[%eval 11,0]} Bc6 $2 {[%eval 144,0]
Mistake. Rd8 was best.} (33... Rd8) 34. d7 {[%eval 146,0]} Rd8 {[%eval 141,0]}
35. Rd6 {[%eval 126,0]} Bxd7 {[%eval 123,0]} 36. Rxd7 $2 {[%eval 15,0] Mistake.
Nb7 was best.} (36. Nb7) 36... Rxd7 {[%eval 23,0]} 37. Nxd7 {[%eval 23,0]} h5 {
[%eval 5,0]} 38. Kg2 {[%eval 32,0]} Kf7 {[%eval 36,0]} 39. Kh3 {[%eval 73,0]}
g5 {[%eval 67,0]} 40. Nc5 {[%eval 4,0]} Ke7 {[%eval 54,0]} 41. f4 {[%eval 51,0]
} b4 {[%eval 7,0]} 42. Kg2 {[%eval 78,0]} g4 $6 {[%eval 0,0] Inaccuracy. gxf4
was best.} (42... gxf4 43. Nd3 fxg3 44. Nxb4 h4 45. Nd3 Kd6 46. Nf4 f5 47. Kf3
Ke5 48. Ng6+ Kd4 49. Nxh4) 43. Kf2 {[%eval 0,0]} Kd6 {[%eval 0,0]} 44. Ne4+ {
[%eval 0,0]} Ke6 {[%eval 0,0]} 45. Ke3 {[%eval 0,0]} f5 $4 {[%eval 502,0]
Blunder. Kf5 was best.} (45... Kf5 46. Nc5 Kg6 47. Kf2 Kf5 48. Kg2 Kg6) 46. Nd2
{[%eval 476,0]} Kd5 {[%eval 544,0]} 47. Kd3 {[%eval 505,0]} Kc5 {[%eval 595,0]}
48. Nb3+ {[%eval 578,0]} Kd5 {[%eval 597,0]} 49. Nd4 {[%eval 565,0]} Kc5 {
[%eval 643,0]} 50. Nxf5 {[%eval 32696,0]} b3 $4 {[%eval 32704,0] Checkmate is
now unavoidable. Kb5 was best.} (50... Kb5 51. Nh4 Ka4 52. f5 b3 53. Kc3 Ka3
54. f6 b2 55. f7 b1=N+ 56. Kd3 Ka4 57. f8=Q) 51. Kc3 {[%eval 32684,0]} Kd5 {
[%eval 794,0]} 52. Nh4 {[%eval 675,0]} 1-0

[Event "37th Reykjavik op"]
[Site "Reykjavik ISL"]
[Date "2024.03.20"]
[Round "8.6"]
[White "Belenkaya, Dina"]
[Black "Gurner, Jem"]
[WhiteElo "2164"]
[BlackElo "1968"]
[Result "1-0"]
[EventDate "2024.03.15"]
[PlyCount "69"]

1. d4 {[%eval 17,0]} Nf6 {[%eval 16,0]} 2. c4 {[%eval 16,0]} g6 {[%eval 37,0]}
3. Nc3 {[%eval 31,0]} Bg7 {[%eval 7,0]} 4. e4 {[%eval 67,0]} d6 {[%eval 58,0]}
5. Nf3 {[%eval 57,0]} O-O {[%eval 48,0]} 6. Bd3 {[%eval 31,0]} Bg4 {[%eval 44,
0]} 7. Be2 {[%eval 36,0]} c5 {[%eval 65,0]} 8. d5 {[%eval 39,0]} e6 {[%eval 55,
0]} 9. O-O {[%eval 3,0]} exd5 {[%eval 37,0]} 10. cxd5 {[%eval 2,0]} Bxf3 {
[%eval 21,0]} 11. Bxf3 {[%eval 23,0]} a6 {[%eval 35,0]} 12. a4 {[%eval 2,0]}
Nbd7 {[%eval 25,0]} 13. Be2 {[%eval 16,0]} b5 $2 {[%eval 132,0] Mistake. Rc8
was best.} (13... Rc8 14. Be3 c4 15. f3 Qa5 16. Ra3 Rfe8 17. Bd4 Ne5 18. Kh1
Nfd7 19. f4 Nd3 20. Bxg7) 14. axb5 {[%eval 135,0]} axb5 {[%eval 136,0]} 15.
Rxa8 {[%eval 139,0]} Qxa8 {[%eval 139,0]} 16. Bxb5 {[%eval 141,0]} Rb8 {
[%eval 142,0]} 17. Bc6 {[%eval 103,0]} Qa5 {[%eval 139,0]} 18. f4 {[%eval 147,
0]} Qb4 {[%eval 149,0]} 19. Qf3 {[%eval 155,0]} Nb6 $6 {[%eval 208,0]
Inaccuracy. Rd8 was best.} (19... Rd8 20. Kh1 Ne8 21. h3 h6 22. Qe2 Nef6 23.
Kh2 Re8 24. Re1 h5 25. Qc2 Rb8 26. Kh1) 20. e5 {[%eval 281,0]} Ne8 {[%eval 294,
0]} 21. Nb5 {[%eval 268,0]} Nc4 {[%eval 255,0]} 22. b3 {[%eval 315,0]} Rxb5 {
[%eval 334,0]} 23. Bxb5 {[%eval 328,0]} Qxb5 {[%eval 337,0]} 24. bxc4 {[%eval
329,0]} Qxc4 {[%eval 335,0]} 25. Bb2 {[%eval 337,0]} Qc2 {[%eval 304,0]} 26.
Ba1 {[%eval 303,0]} Bf8 $6 {[%eval 403,0] Inaccuracy. h5 was best.} (26... h5
27. Re1 Kh7 28. Kh1 Kg8 29. h3 Kh7 30. Bc3 Bh6 31. e6 f5 32. Ba1 Bg7 33. Bxg7)
27. Qh3 {[%eval 481,0]} Ng7 {[%eval 483,0]} 28. exd6 {[%eval 496,0]} Bxd6 {
[%eval 481,0]} 29. Qc8+ {[%eval 509,0]} Bf8 {[%eval 498,0]} 30. d6 {[%eval 483,
0]} Ne6 {[%eval 502,0]} 31. d7 {[%eval 492,0]} Qd2 {[%eval 485,0]} 32. Bf6 {
[%eval 496,0]} c4 {[%eval 569,0]} 33. Be7 {[%eval 576,0]} Qe3+ {[%eval 574,0]}
34. Kh1 {[%eval 594,0]} Qd3 {[%eval 573,0]} 35. Rg1 {[%eval 600,0]} 1-0

[Event "37th Reykjavik op"]
[Site "Reykjavik ISL"]
[Date "2024.03.20"]
[Round "8.7"]
[White "Seemann, Jakub"]
[Black "Maze, Sebastien"]
[WhiteElo "2451"]
[BlackElo "2551"]
[Result "0-1"]
[EventDate "2024.03.15"]
[PlyCount "104"]

1. e4 {[%eval 13,0]} c5 {[%eval 33,0]} 2. Nf3 {[%eval 22,0]} Nc6 {[%eval 31,0]}
3. Bb5 {[%eval 25,0]} e6 {[%eval 47,0]} 4. Bxc6 {[%eval 0,0]} bxc6 {[%eval 35,
0]} 5. d3 {[%eval 3,0]} Ne7 {[%eval 0,0]} 6. Nbd2 {[%eval 39,0]} Ng6 {[%eval
91,0]} 7. h4 {[%eval 93,0]} h5 {[%eval 94,0]} 8. e5 {[%eval 75,0]} f6 {[%eval
86,0]} 9. Qe2 {[%eval 8,0]} Qc7 {[%eval 101,0]} 10. Nc4 {[%eval 112,0]} Ba6 {
[%eval 87,0]} 11. Qe4 {[%eval 96,0]} Kf7 {[%eval 107,0]} 12. Bf4 {[%eval 94,0]}
Bxc4 {[%eval 99,0]} 13. dxc4 {[%eval 105,0]} d5 {[%eval 112,0]} 14. exd6 {
[%eval 99,0]} Bxd6 {[%eval 100,0]} 15. Bxd6 {[%eval 82,0]} Qxd6 {[%eval 8,0]}
16. Rd1 {[%eval 84,0]} Qc7 {[%eval 81,0]} 17. O-O {[%eval 82,0]} Rhd8 {[%eval
9,0]} 18. Rfe1 {[%eval 85,0]} Nf8 {[%eval 86,0]} 19. g3 $6 {[%eval 27,0]
Inaccuracy. Qe3 was best.} (19. Qe3) 19... e5 {[%eval 71,0]} 20. c3 $6 {
[%eval 8,0] Inaccuracy. Nd2 was best.} (20. Nd2) 20... Kg8 {[%eval 58,0]} 21.
Nd2 {[%eval 58,0]} Rab8 {[%eval 52,0]} 22. b3 {[%eval 55,0]} Qd7 {[%eval 99,0]}
23. Qe3 $6 {[%eval 0,0] Inaccuracy. Nf1 was best.} (23. Nf1) 23... Qg4 {
[%eval 0,0]} 24. Kh2 $6 {[%eval 66,0] Inaccuracy. Qe4 was best.} (24. Qe4 Kf7
25. Qc2 Ne6 26. Kh2 Nf4 27. gxf4 Qxh4+ 28. Kg2 Qg4+ 29. Kf1 Qh3+ 30. Ke2 exf4)
24... Rd6 {[%eval 72,0]} 25. Rc1 {[%eval 76,0]} Rbd8 {[%eval 79,0]} 26. Ne4 $6
{[%eval -54,0] Inaccuracy. Nf1 was best.} (26. Nf1) 26... Rd3 {[%eval -48,0]}
27. Qe2 {[%eval -57,0]} Ne6 {[%eval -53,0]} 28. Rc2 {[%eval -193,0]} a5 $6 {
[%eval 96,0] Inaccuracy. Kf7 was best.} (28... Kf7 29. Qxg4 hxg4 30. Kg2 Kg6
31. b4 cxb4 32. cxb4 Nd4 33. Rb2 Nf3 34. Rc1 f5 35. Nc5) 29. Rd2 {[%eval -100,
0]} Rxd2 $6 {[%eval 33,0] Inaccuracy. Qxe2 was best.} (29... Qxe2 30. Rdxe2)
30. Nxd2 {[%eval 39,0]} Qxe2 {[%eval 36,0]} 31. Rxe2 {[%eval 48,0]} Rd3 {
[%eval 58,0]} 32. Ne4 $2 {[%eval -6,0] Mistake. Nb1 was best.} (32. Nb1 Rd1 33.
Nd2 Kf7 34. Ne4 f5 35. Rd2 Rc1 36. Nd6+ Kf6 37. Ne8+ Ke7 38. Nd6 g6) 32... f5 {
[%eval -9,0]} 33. Nxc5 {[%eval -186,0]} Nxc5 {[%eval -199,0]} 34. Rxe5 {
[%eval -197,0]} Ne4 {[%eval -2,0]} 35. Rxf5 {[%eval -13,0]} Rd2 {[%eval -17,0]}
36. Rxa5 {[%eval -198,0]} Rxf2+ {[%eval -197,0]} 37. Kg1 {[%eval -198,0]} Rb2 {
[%eval -199,0]} 38. Rxh5 {[%eval -198,0]} Rxa2 {[%eval -9,0]} 39. Re5 {[%eval
-183,0]} Nxc3 {[%eval -192,0]} 40. Rc5 $6 {[%eval -283,0] Inaccuracy. b4 was
best.} (40. b4 Rb2 41. Rc5 Rxb4 42. Rxc6 Ne4 43. Kg2 Kh7 44. g4 Nd2 45. h5 Nxc4
46. Re6 Nd2) 40... Ne2+ {[%eval -277,0]} 41. Kf2 {[%eval -266,0]} Nc1+ {
[%eval -298,0]} 42. Ke3 {[%eval -213,0]} Re2+ {[%eval -217,0]} 43. Kf3 {
[%eval -211,0]} Re6 $6 {[%eval -300,0] Inaccuracy. Nxb3 was best.} (43... Nxb3
44. Rh5 Nd4+ 45. Kf4 Ne6+ 46. Kg4 Rc2 47. Kf5 Kf7 48. Rh8 g6+ 49. Ke4 Rxc4+ 50.
Ke3) 44. b4 {[%eval -104,0]} Nd3 {[%eval -113,0]} 45. Rf5 {[%eval -281,0]} Nxb4
{[%eval -298,0]} 46. Kf4 {[%eval -203,0]} Nd3+ {[%eval -206,0]} 47. Kg5 {
[%eval -332,0]} Re5 {[%eval -212,0]} 48. g4 {[%eval -457,0]} Rxf5+ {[%eval
-459,0]} 49. Kxf5 {[%eval -462,0]} Nb2 {[%eval -471,0]} 50. c5 {[%eval -471,0]}
Nd3 {[%eval -451,0]} 51. Ke6 {[%eval -577,0]} Nxc5+ {[%eval -583,0]} 52. Kd6 {
[%eval -414,0]} Nd3 {[%eval -591,0]} 0-1

[Event "37th Reykjavik op"]
[Site "Reykjavik ISL"]
[Date "2024.03.20"]
[Round "8.8"]
[White "Adhiban, B.."]
[Black "Kjartansson, Gudmundur"]
[WhiteElo "2541"]
[BlackElo "2465"]
[Result "0-1"]
[EventDate "2024.03.15"]
[PlyCount "92"]

1. e4 {[%eval 13,0]} e5 {[%eval 17,0]} 2. Nf3 {[%eval 21,0]} Nc6 {[%eval 13,0]}
3. Bb5 {[%eval 21,0]} Nf6 {[%eval 12,0]} 4. O-O {[%eval 11,0]} Nxe4 {[%eval 25,
0]} 5. d4 {[%eval 11,0]} Nd6 {[%eval 22,0]} 6. Bxc6 {[%eval 14,0]} dxc6 {
[%eval 28,0]} 7. dxe5 {[%eval 7,0]} Nf5 {[%eval 8,0]} 8. Qxd8+ {[%eval 16,0]}
Kxd8 {[%eval 4,0]} 9. Rd1+ {[%eval 11,0]} Ke8 {[%eval 16,0]} 10. Nc3 {[%eval 8,
0]} Ne7 {[%eval 17,0]} 11. a4 {[%eval 5,0]} a5 {[%eval 8,0]} 12. Nd4 {[%eval
28,0]} Nf5 {[%eval 78,0]} 13. Ndb5 {[%eval 79,0]} cxb5 {[%eval 86,0]} 14. Nxb5
{[%eval 74,0]} Ke7 {[%eval 84,0]} 15. Nxc7 {[%eval 107,0]} Rb8 {[%eval 98,0]}
16. g4 {[%eval 92,0]} Nh6 {[%eval 64,0]} 17. Nd5+ $2 {[%eval 7,0] Mistake. h3
was best.} (17. h3 Nxg4 18. Nd5+ Kd7 19. e6+ fxe6 20. Nf6+ Ke7 21. Nxg4 Ke8 22.
Rd3 Be7 23. Bf4 Ra8) 17... Kd7 {[%eval 68,0]} 18. Bg5 $2 {[%eval -1,0] Mistake.
h3 was best.} (18. h3 Kc6) 18... Kc6 $6 {[%eval -88,0] Inaccuracy. Nxg4 was
best.} (18... Nxg4 19. h3 Nxe5 20. Bf4 Bd6 21. Ne3 Ke6 22. Rxd6+ Kxd6 23. Nc4+
Ke7 24. Bxe5 Ra8 25. Bc3) 19. h3 {[%eval -100,0]} Be6 {[%eval -84,0]} 20. Ne7+
{[%eval -26,0]} Bxe7 {[%eval -17,0]} 21. Bxe7 {[%eval -13,0]} Rhe8 {[%eval
-198,0]} 22. Bg5 {[%eval -15,0]} b5 $2 {[%eval 25,0] Mistake. Ng8 was best.} (
22... Ng8 23. Ra3) 23. b3 $6 {[%eval -97,0] Inaccuracy. f4 was best.} (23. f4
bxa4) 23... bxa4 $6 {[%eval 42,0] Inaccuracy. b4 was best.} (23... b4 24. Rd6+
Kc7 25. Rad1 Ng8 26. f4 h6 27. Bh4 g5 28. fxg5 hxg5 29. Bxg5 Ne7 30. Bxe7) 24.
Rd6+ {[%eval 76,0]} Kc7 {[%eval 69,0]} 25. Rxa4 {[%eval 74,0]} f6 $6 {[%eval 7,
0] Inaccuracy. Rb6 was best.} (25... Rb6 26. Rd3 Ra6 27. f4 Bd7 28. Rad4 Bc6
29. f5 Ng8 30. Bf4 Kc8 31. Rd6 Ne7 32. R3d4) 26. Bxh6 {[%eval 19,0]} gxh6 {
[%eval 11,0]} 27. Rxa5 {[%eval 2,0]} fxe5 {[%eval 1,0]} 28. Rda6 {[%eval 4,0]}
Bf7 {[%eval 39,0]} 29. Rc5+ {[%eval 26,0]} Kd7 {[%eval 29,0]} 30. Rxh6 $6 {
[%eval -100,0] Inaccuracy. Ra7+ was best.} (30. Ra7+ Kd6 31. Rca5 Bg6 32. R7a6+
Kd7 33. Rd5+ Ke7 34. Rxe5+ Kf8 35. Rxe8+ Rxe8 36. Rc6 Re2) 30... Bg6 {[%eval
88,0]} 31. h4 {[%eval -92,0]} Rbc8 {[%eval 57,0]} 32. Rxc8 {[%eval 98,0]} Rxc8
{[%eval -100,0]} 33. c4 {[%eval -99,0]} Rb8 {[%eval -93,0]} 34. h5 {[%eval -89,
0]} Bc2 $6 {[%eval 54,0] Inaccuracy. Bd3 was best.} (34... Bd3 35. c5 Rxb3 36.
f3 Rc3 37. Rd6+ Ke7 38. Kf2 Bc2 39. Rc6 Bd1 40. Rc7+ Kf6 41. Rxh7) 35. c5 $6 {
[%eval -36,0] Inaccuracy. f3 was best.} (35. f3 Rxb3) 35... Rxb3 {[%eval -37,0]
} 36. g5 {[%eval -46,0]} Be4 {[%eval -94,0]} 37. Kh2 $6 {[%eval -147,0]
Inaccuracy. Kf1 was best.} (37. Kf1 Rh3) 37... Rf3 {[%eval -124,0]} 38. c6+ {
[%eval -296,0]} Kc7 {[%eval -289,0]} 39. Re6 $6 {[%eval -399,0] Inaccuracy.
Kg1 was best.} (39. Kg1 Rf4 40. Kf1 Rg4 41. f3 Bd3+ 42. Kf2 Rxg5 43. Ke3 Bf5
44. Kf2 Rg7 45. Rf6 Bb1) 39... Rxf2+ {[%eval -399,0]} 40. Kg3 {[%eval -389,0]}
Rg2+ {[%eval -383,0]} 41. Kh4 {[%eval -381,0]} Bf5 {[%eval -378,0]} 42. Rxe5 {
[%eval -377,0]} Rg4+ {[%eval -384,0]} 43. Kh3 {[%eval -383,0]} Rxg5+ {[%eval
-383,0]} 44. Kh4 {[%eval -382,0]} Rg4+ {[%eval -384,0]} 45. Kh3 {[%eval -387,0]
} Bc8 {[%eval -379,0]} 46. Kh2 {[%eval -379,0]} Kxc6 {[%eval -373,0]} 0-1

[Event "37th Reykjavik op"]
[Site "Reykjavik ISL"]
[Date "2024.03.20"]
[Round "8.11"]
[White "Sushanth, Kamabathula"]
[Black "Balakrishnan, Praveen"]
[WhiteElo "1918"]
[BlackElo "2490"]
[Result "0-1"]
[EventDate "2024.03.15"]
[PlyCount "144"]

1. e4 {[%eval 13,0]} e6 {[%eval 0,0]} 2. d4 {[%eval 41,0]} d5 {[%eval 21,0]} 3.
Nd2 {[%eval 12,0]} Nf6 $6 {[%eval 69,0] Inaccuracy. c5 was best.} (3... c5 4.
exd5 Qxd5 5. Ngf3 cxd4 6. Bc4 Qd7 7. O-O Nc6 8. Nb3) 4. e5 {[%eval 54,0]} Nfd7
{[%eval 4,0]} 5. Bd3 {[%eval 49,0]} c5 {[%eval 28,0]} 6. c3 {[%eval 55,0]} Nc6
{[%eval 33,0]} 7. Ne2 {[%eval 58,0]} cxd4 {[%eval 5,0]} 8. cxd4 {[%eval 38,0]}
f6 {[%eval 42,0]} 9. exf6 {[%eval 42,0]} Nxf6 {[%eval 37,0]} 10. O-O {[%eval
37,0]} Bd6 {[%eval 31,0]} 11. Nf3 {[%eval 34,0]} O-O {[%eval 37,0]} 12. Bf4 {
[%eval 35,0]} Bxf4 {[%eval 4,0]} 13. Nxf4 {[%eval 35,0]} Ng4 {[%eval 46,0]} 14.
Qd2 {[%eval 42,0]} Qf6 {[%eval 45,0]} 15. Nh5 {[%eval 45,0]} Qh6 {[%eval 41,0]}
16. Qxh6 {[%eval 44,0]} Nxh6 {[%eval 43,0]} 17. Rac1 {[%eval 42,0]} a6 {
[%eval 4,0]} 18. Ng3 {[%eval 43,0]} g6 {[%eval 42,0]} 19. Ne2 {[%eval 48,0]}
Nf7 {[%eval 42,0]} 20. Rfe1 {[%eval 46,0]} Bd7 {[%eval 41,0]} 21. Nf4 {[%eval
23,0]} Ng5 {[%eval 16,0]} 22. Nxg5 {[%eval 16,0]} Rxf4 {[%eval 21,0]} 23. Nxe6
{[%eval 2,0]} Bxe6 {[%eval 21,0]} 24. Rxe6 {[%eval 16,0]} Rxd4 {[%eval 15,0]}
25. Re3 {[%eval 18,0]} Rf4 {[%eval 52,0]} 26. f3 {[%eval 25,0]} Rf6 {[%eval 38,
0]} 27. Kf2 {[%eval 4,0]} g5 {[%eval 67,0]} 28. Rc5 {[%eval 56,0]} Rd8 {
[%eval 57,0]} 29. Kg3 {[%eval 68,0]} Rd7 {[%eval 72,0]} 30. Kg4 {[%eval 31,0]}
h6 {[%eval 16,0]} 31. h4 {[%eval 15,0]} gxh4 {[%eval 6,0]} 32. Kxh4 {[%eval 74,
0]} Kf7 {[%eval 63,0]} 33. Kg4 {[%eval 5,0]} Rd8 {[%eval 64,0]} 34. f4 {
[%eval 12,0]} Rg8+ {[%eval 24,0]} 35. Kh3 {[%eval 33,0]} Re6 $6 {[%eval 96,0]
Inaccuracy. Rxf4 was best.} (35... Rxf4 36. Rxd5) 36. Rf3 $6 {[%eval 3,0]
Inaccuracy. Rxe6 was best.} (36. Rxe6 Kxe6 37. Rc1 Kd6 38. Re1 h5 39. g3 b5 40.
Re3 d4 41. Re4 Kd5 42. Re1 Kd6) 36... Nd4 {[%eval 4,0]} 37. Rc7+ {[%eval 0,0]}
Kf6 {[%eval 0,0]} 38. Bh7 {[%eval 1,0]} Rg7 {[%eval 8,0]} 39. Rfc3 {[%eval 11,
0]} Nb5 {[%eval 0,0]} 40. Rxg7 {[%eval 3,0]} Kxg7 {[%eval 3,0]} 41. Bf5 {
[%eval 7,0]} Rf6 {[%eval 7,0]} 42. Rg3+ {[%eval 4,0]} Kf7 {[%eval 9,0]} 43. Kg4
{[%eval 1,0]} Nd4 {[%eval 5,0]} 44. Bd3 {[%eval 0,0]} Ne6 {[%eval 35,0]} 45. f5
{[%eval 35,0]} Nc5 {[%eval 44,0]} 46. Kf4 {[%eval 0,0]} Rb6 {[%eval 1,0]} 47.
b3 {[%eval 1,0]} Nd7 {[%eval 0,0]} 48. Rg6 {[%eval 0,0]} Rb4+ {[%eval 0,0]} 49.
Ke3 {[%eval 2,0]} Nf6 {[%eval 0,0]} 50. g3 {[%eval 0,0]} h5 {[%eval 0,0]} 51.
Kd2 {[%eval 0,0]} Rb6 {[%eval 4,0]} 52. Be2 {[%eval 9,0]} Rc6 {[%eval 37,0]}
53. Kd1 {[%eval 2,0]} Rc3 {[%eval 1,0]} 54. Rg5 {[%eval 2,0]} Ne4 {[%eval 0,0]}
55. Rxh5 {[%eval 0,0]} Rxg3 {[%eval 0,0]} 56. Rh7+ {[%eval 4,0]} Rg7 {[%eval 5,
0]} 57. Rh6 {[%eval 0,0]} Rg2 {[%eval 0,0]} 58. Bf3 {[%eval 0,0]} Rxa2 {
[%eval 0,0]} 59. Rb6 {[%eval 5,0]} Kg7 {[%eval 0,0]} 60. Rxb7+ {[%eval 0,0]}
Kf6 {[%eval 0,0]} 61. Bxe4 {[%eval 0,0]} dxe4 {[%eval 0,0]} 62. b4 {[%eval 0,0]
} Kxf5 {[%eval 0,0]} 63. b5 {[%eval 0,0]} a5 {[%eval 1,0]} 64. b6 {[%eval 5,0]}
Kf4 {[%eval 0,0]} 65. Rf7+ {[%eval 0,0]} Ke3 {[%eval 0,0]} 66. Rf5 {[%eval 0,0]
} Rb2 {[%eval 0,0]} 67. Rxa5 {[%eval 0,0]} Rb1+ {[%eval 0,0]} 68. Kc2 {[%eval
1,0]} Rxb6 {[%eval 1,0]} 69. Re5 $4 {[%eval -327,0] Blunder. Kd1 was best.} (
69. Kd1 Rb1+ 70. Kc2 Re1 71. Rh5 Rf1 72. Re5 Rf8 73. Kd1 Rh8 74. Re6 Rh1+ 75.
Kc2 Rh7) 69... Rd6 {[%eval -354,0]} 70. Rh5 {[%eval -355,0]} Kf2 {[%eval -325,
0]} 71. Rf5+ {[%eval -392,0]} Ke2 {[%eval -324,0]} 72. Rh5 Rc6+ 0-1

[Event "37th Reykjavik op"]
[Site "Reykjavik ISL"]
[Date "2024.03.20"]
[Round "8.12"]
[White "Garifullina, Leya"]
[Black "Ivanchuk, Vasyl"]
[WhiteElo "2413"]
[BlackElo "2625"]
[Result "1-0"]
[EventDate "2024.03.15"]
[PlyCount "85"]

1. e4 {[%eval 13,0]} e5 {[%eval 17,0]} 2. Nf3 {[%eval 21,0]} Nc6 {[%eval 13,0]}
3. Bb5 {[%eval 21,0]} a6 {[%eval 2,0]} 4. Ba4 {[%eval 31,0]} g6 {[%eval 21,0]}
5. d4 {[%eval 58,0]} b5 {[%eval 69,0]} 6. Bb3 {[%eval 63,0]} exd4 {[%eval 56,0]
} 7. c3 {[%eval 48,0]} Bg7 {[%eval 71,0]} 8. cxd4 {[%eval 5,0]} Nge7 {[%eval
53,0]} 9. d5 {[%eval 3,0]} Na5 {[%eval 37,0]} 10. Bd2 {[%eval 29,0]} c5 $6 {
[%eval 86,0] Inaccuracy. Nxb3 was best.} (10... Nxb3 11. axb3 O-O 12. Bc3 f5
13. Bxg7 Kxg7 14. Qd4+ Kg8 15. Nc3 fxe4 16. Nxe4 Nf5 17. Qd3) 11. Bc3 {[%eval
57,0]} Bxc3+ {[%eval 56,0]} 12. bxc3 {[%eval 43,0]} d6 {[%eval 55,0]} 13. Nbd2
{[%eval 53,0]} f6 {[%eval 56,0]} 14. O-O {[%eval 63,0]} g5 {[%eval 74,0]} 15.
e5 {[%eval 49,0]} dxe5 {[%eval 41,0]} 16. Ne4 {[%eval 54,0]} Ng6 {[%eval 6,0]}
17. Nxc5 $6 {[%eval 23,0] Inaccuracy. d6 was best.} (17. d6 Ra7) 17... Qb6 {
[%eval 35,0]} 18. Ne4 {[%eval 32,0]} O-O {[%eval 33,0]} 19. d6+ {[%eval 87,0]}
Kg7 {[%eval 39,0]} 20. d7 {[%eval 45,0]} Bb7 {[%eval 39,0]} 21. Qd6 {[%eval 44,
0]} Qc6 {[%eval 13,0]} 22. Qxc6 {[%eval 9,0]} Bxc6 {[%eval 12,0]} 23. Nc5 {
[%eval 16,0]} Nf4 {[%eval 0,0]} 24. Rfd1 {[%eval 0,0]} Nb7 {[%eval 0,0]} 25.
Nxb7 {[%eval 0,0]} Bxb7 {[%eval 0,0]} 26. Rd2 {[%eval 24,0]} Rfd8 {[%eval 3,0]}
27. Ne1 {[%eval 23,0]} Bc6 {[%eval 4,0]} 28. Rd6 {[%eval 11,0]} Bxd7 {[%eval
13,0]} 29. Rad1 {[%eval 6,0]} Ra7 {[%eval 8,0]} 30. R1d2 {[%eval 14,0]} Ng6 {
[%eval 0,0]} 31. Nd3 {[%eval 22,0]} Rc8 {[%eval 23,0]} 32. Nb4 {[%eval 22,0]}
Nf8 {[%eval 24,0]} 33. Nxa6 {[%eval 22,0]} Rxc3 {[%eval 11,0]} 34. h3 {[%eval
11,0]} h5 {[%eval 14,0]} 35. Nb4 {[%eval 16,0]} h4 {[%eval 14,0]} 36. Kh2 {
[%eval 16,0]} Rc5 {[%eval 18,0]} 37. Rb6 {[%eval 2,0]} Bf5 {[%eval 7,0]} 38.
Rd8 {[%eval 7,0]} Rc8 {[%eval 6,0]} 39. Rdd6 {[%eval 6,0]} Nd7 {[%eval 5,0]}
40. Rxb5 {[%eval 5,0]} Nc5 {[%eval 8,0]} 41. Nc6 {[%eval 2,0]} Rd7 {[%eval 5,0]
} 42. Rxc5 {[%eval 5,0]} Rxd6 {[%eval 5,0]} 43. Ne7 {[%eval 14,0]} 1-0

[Event "37th Reykjavik op"]
[Site "Reykjavik ISL"]
[Date "2024.03.20"]
[Round "8.13"]
[White "Cornette, Matthieu"]
[Black "Jacobsen, Mikkel Manosri"]
[WhiteElo "2575"]
[BlackElo "2367"]
[Result "1/2-1/2"]
[EventDate "2024.03.15"]
[PlyCount "59"]

1. e4 {[%eval 13,0]} c6 {[%eval 24,0]} 2. d4 {[%eval 28,0]} d5 {[%eval 31,0]}
3. e5 {[%eval 19,0]} Bf5 {[%eval 38,0]} 4. h4 {[%eval 16,0]} h5 {[%eval 14,0]}
5. c4 {[%eval 0,0]} e6 {[%eval 0,0]} 6. Nc3 {[%eval 0,0]} dxc4 {[%eval 9,0]} 7.
Bxc4 {[%eval 19,0]} Nd7 {[%eval 26,0]} 8. Nge2 {[%eval 25,0]} Be7 {[%eval 14,0]
} 9. g3 {[%eval 16,0]} b5 {[%eval 35,0]} 10. Bb3 {[%eval 42,0]} b4 {[%eval 45,
0]} 11. Nb1 {[%eval 43,0]} Nh6 {[%eval 6,0]} 12. O-O {[%eval 44,0]} g5 {
[%eval 73,0]} 13. hxg5 {[%eval 58,0]} Bxg5 {[%eval 55,0]} 14. Bxg5 {[%eval 71,
0]} Qxg5 {[%eval 24,0]} 15. Qc1 $6 {[%eval 74,0] Inaccuracy. Nd2 was best.} (
15. Nd2 h4) 15... Qxc1 {[%eval 8,0]} 16. Rxc1 {[%eval 81,0]} Bg4 {[%eval 91,0]}
17. Bd1 {[%eval -96,0]} Nf5 {[%eval -97,0]} 18. Rc4 {[%eval -86,0]} Rb8 {
[%eval 62,0]} 19. Nd2 {[%eval 64,0]} Nb6 {[%eval 58,0]} 20. Rc5 {[%eval 6,0]}
Bxe2 {[%eval 58,0]} 21. Bxe2 {[%eval 6,0]} Nxd4 {[%eval 75,0]} 22. Bf3 {
[%eval 95,0]} Nd7 $6 {[%eval 19,0] Inaccuracy. Rd8 was best.} (22... Rd8) 23.
Bxc6 {[%eval 24,0]} Rc8 {[%eval 0,0]} 24. Bxd7+ {[%eval 0,0]} Kxd7 {[%eval 0,0]
} 25. Ra5 {[%eval 5,0]} Nc6 {[%eval 0,0]} 26. Ra6 {[%eval 0,0]} Nxe5 {[%eval 0,
0]} 27. Rxa7+ {[%eval 2,0]} Rc7 {[%eval 2,0]} 28. Ra5 {[%eval 9,0]} Nd3 {
[%eval 6,0]} 29. Nf3 {[%eval 1,0]} Rhc8 {[%eval 0,0]} 30. Ne5+ {[%eval 0,0]}
1/2-1/2